Statistics for Click Disney Film to Character #1

Click here to take the quiz!

General Stats

  • This quiz has been taken 190 times
  • The average score is 26 of 32

Answer Stats

HintAnswer% Correct
Elsa2. Frozen
93%
Ariel6. The Little Mermaid
93%
Anna2. Frozen
92%
Sven2. Frozen
91%
Olaf2. Frozen
91%
Mowgli4. The Jungle Book
91%
Simba5. The Lion King
90%
Ursula6. The Little Mermaid
90%
Genie1. Aladdin
89%
Scar5. The Lion King
88%
Mufasa5. The Lion King
88%
Prince Hans2. Frozen
87%
Baloo4. The Jungle Book
87%
Princess Jasmine1. Aladdin
86%
Kristoff2. Frozen
86%
Madame Adelaide Bonfamille3. The Aristocats
86%
Nala5. The Lion King
86%
Jafar1. Aladdin
85%
Pumbaa5. The Lion King
85%
Thomas O'Malley3. The Aristocats
84%
Duchess3. The Aristocats
82%
Flounder6. The Little Mermaid
82%
Timon5. The Lion King
80%
Sebastian6. The Little Mermaid
78%
Abu1. Aladdin
77%
Bagheera4. The Jungle Book
75%
Edgar Balthazar3. The Aristocats
72%
Prince Eric6. The Little Mermaid
71%
Shere Khan4. The Jungle Book
70%
King Louie4. The Jungle Book
60%
Iago1. Aladdin
58%
Akela4. The Jungle Book
38%

Score Distribution

Percentile by Number Answered

Percent of People with Each Score

Your Score History

You have not taken this quiz